| 000 | 00769nam a2200205Ia 4500 | ||
|---|---|---|---|
| 008 | 110201s9999 xx 000 0 und d | ||
| 082 |
_bB7839 _aS 1251 |
||
| 100 | _aअनु. नाडकर्णी सुरेश | ||
| 100 | _aराव कल्लूरी सुब्बा | ||
| 245 | _aवृध्दत्व | ||
| 260 | _bनॅशनल बुक ट्रस्ट | ||
| 365 | _b35 | ||
| 600 | _aअनु. नाडकर्णी सुरेश | ||
| 600 | _aराव कल्लूरी सुब्बा | ||
| 630 | _aवृध्दत्व | ||
| 700 | _aअनु. नाडकर्णी सुरेश | ||
| 700 | _aराव कल्लूरी सुब्बा | ||
| 730 | _aवृध्दत्व | ||
| 942 | _cBOOK | ||
| 999 |
_c833343 _d833340 |
||